000 01229nam a2200325 4500
001 0000021828
003 CO-CtgCURN
005 20250331185244.0
007 ta
008 160627s2007 000 0 eng d
020 _a9789586485159
040 _aCO-CtgCURN
_bspa
_ccoctgcurn
082 0 _a657.4
_bS617c
100 1 _aSinisterra Valencia, Gonzalo.
245 1 0 _aContabilidad administrativa /
_cGonzalo Sinisterra Valencia y Luis Enrique Polanco Izquierdo.
250 _a2a ed.
260 _aBogotá :
_bEcoe Ediciones,
_c2007.
300 _axv, 235 p.
336 _2rdacontent
337 _2rdamedia
_asin mediacion
_bn
338 _2rdacarrier
_avolumen
_bnc
490 1 _aTextos universitarios. Contabilidad y finanzas
500 _aIncluye indice.
505 8 _aConceptos basicos sobre contabilidad y estados financieros.--Registro de transacciones financieras.--Contabilidad en empresas de manufactura.--Costeo variable y absorbente.--Análisis de la relacion costo volumen
650 1 4 _aContabilidad administrativa.
700 1 _aPolanco Izquierdo, Luis Enrique.
908 _a160627
942 _cBK
_h657.4
_iS617c
_2ddc
999 _c24305
_d24305